| 000 | 00788cam a22002535a 4500 | ||
|---|---|---|---|
| 001 | 016335787 | ||
| 003 | OSt | ||
| 005 | 20201128023717.0 | ||
| 008 | 140308t2014 nyua fr 001 0 eng d | ||
| 020 | _a9781259060922 (paperback) | ||
| 020 | _a1259060926 (paperback) | ||
| 040 |
_aIiNdDKA _beng _cIiNdDKA _dEG-ScBUE |
||
| 082 | 0 | 4 |
_a621.381 _222 _bTOK |
| 100 | 1 |
_aTokheim, Roger L. _939799 |
|
| 245 | 1 | 0 |
_aDigital electronics : _bprinciples and applications / _cRoger Tokheim. |
| 250 | _a8th ed., McGraw-Hill international ed. | ||
| 260 |
_aNew York : _bMcGraw Hill, _cc.2014. |
||
| 300 |
_axvi, 560 p. : _bill. ; _c28 cm. |
||
| 500 | _aIndex : p. 550-560. | ||
| 650 | 7 |
_aDigital electronics _vTextbooks. _2BUEsh _91496 |
|
| 651 | _2BUEsh | ||
| 653 |
_bENGELC _cApril2016 |
||
| 942 | _2ddc | ||
| 999 |
_c21601 _d21573 |
||